000 00836nas a2200289 4500
001 BR2015002576
003 BR-BrBNA
005 20231205125335.0
007 ta
008 230509b bl.|||p| |||| 00| 00por d
040 _aBR-BrBNA
_bpor
_cBiblioteca Nacional de Agricultura
041 _a(Pt)
072 _aH50
100 1 _aCamacho, M.A.
100 1 _aCamara, A.P.
100 1 _aZardin, A.R.
245 1 _aDiagnose visual de deficiência de nutrientes em mudas de Bombacopsis glabra
650 _aCASTANHEIRO DO MARANHÃO
650 _aMALVACEAE
650 _aDEFICIÊNCIA NUTRICIONAL
650 _aMUDA
650 _aANÁLISE FOLIAR
650 _aSINTOMA
773 0 _tCerne (Brazil)
_xISSN 0104-7760
_g(2014), v. 20(3) p. 427-431
_wBR2015002576
909 _a202311
_bLúcia
_c55
_dLúcia Elande
942 _2AGRIS
_n0
_cANA
999 _c243876
_d243876